Contabilidad intermedia : (Registro nro. 32869)
[ vista simple ]
| 000 -LEADER | |
|---|---|
| fixed length control field | 00977cam a2200265 a 4500 |
| 001 - CONTROL NUMBER | |
| control field | 32869 |
| 003 - CONTROL NUMBER IDENTIFIER | |
| control field | Mx-PuUPA |
| 005 - DATE AND TIME OF LATEST TRANSACTION | |
| control field | 20201001130609.0 |
| 008 - FIXED-LENGTH DATA ELEMENTS--GENERAL INFORMATION | |
| fixed length control field | 140415s2012 mx r 000 0 spa d |
| 020 ## - INTERNATIONAL STANDARD BOOK NUMBER | |
| International Standard Book Number | 9786071506344 |
| 040 ## - CATALOGING SOURCE | |
| Original cataloging agency | MX-PuUPA |
| Language of cataloging | spa |
| Description conventions | rda |
| Transcribing agency | Mx-PuUPA |
| Modifying agency | Mx-PuUPA |
| 041 0# - LANGUAGE CODE | |
| Language code of text/sound track or separate title | spa |
| 100 1# - MAIN ENTRY--PERSONAL NAME | |
| Personal name | Romero López, Álvaro Javier, |
| Relator term | autor |
| 9 (RLIN) | 5019 |
| 245 10 - TITLE STATEMENT | |
| Title | Contabilidad intermedia : |
| Remainder of title | NIF A-6, A-7, C-1, C-2, C-3, C-4, C-5, C-6, C-8, C-9, C-11, inventarios perpetuos y cuentas de orden / |
| Statement of responsibility, etc. | Álvaro Javier Romero López. |
| 246 34 - VARYING FORM OF TITLE | |
| Title proper/short title | Contabilidad intermedia : |
| Remainder of title | NIF 2011 |
| 250 ## - EDITION STATEMENT | |
| Edition statement | Tercera edición |
| 264 #1 - PRODUCTION, PUBLICATION, DISTRIBUTION, MANUFACTURE, AND COPYRIGHT NOTICE | |
| Place of production, publication, distribution, manufacture | México, D.F. : |
| Name of producer, publisher, distributor, manufacturer | McGraw-Hill Interamericana Editores, |
| Date of production, publication, distribution, manufacture, or copyright notice | 2012 |
| 300 ## - PHYSICAL DESCRIPTION | |
| Extent | xviii, 544 páginas : |
| Other physical details | tablas ; |
| Dimensions | 27 cm. |
| 336 ## - CONTENT TYPE | |
| Content type term | texto |
| Fuente | rdacontent |
| Content type code | txt |
| 337 ## - MEDIA TYPE | |
| Media type term | sin medio |
| Source | rdamedia |
| Media type code | n |
| 338 ## - CARRIER TYPE | |
| Carrier type term | volumen |
| Source | rdacarrier |
| Carrier type code | nc |
| 650 #4 - SUBJECT ADDED ENTRY--TOPICAL TERM | |
| Topical term or geographic name entry element | Contabilidad |
| 942 ## - ADDED ENTRY ELEMENTS (KOHA) | |
| Classification part | 657.044 |
| Item part | R756 |
| Koha item type | Libro |
| Source of classification or shelving scheme | Dewey Decimal Classification |
| Withdrawn status | Lost status | Source of classification or shelving scheme | Damaged status | Not for loan | Collection code | Home library | Current library | Shelving location | Date acquired | Source of acquisition | Total Checkouts | Full call number | Barcode | Date last seen | Price effective from | Koha item type | Total Renewals | Date last checked out |
|---|---|---|---|---|---|---|---|---|---|---|---|---|---|---|---|---|---|---|
| Dewey Decimal Classification | Consulta en sala | General | Tehuacán | Tehuacán | Sala general | 20/07/2017 | Compra | 657.044 ROM 2012 | 510914 | 08/01/2025 | 20/07/2017 | Reserva permanente | ||||||
| Dewey Decimal Classification | General | Tehuacán | Tehuacán | Sala general | 03/12/2013 | Compra | 4 | 657.044 ROM 2012 | 507826 | 28/10/2025 | 20/07/2017 | Libro | 1 | 19/02/2025 |